000 00698nam a2200289Ia 4500
005 20260324134749.0
008 008 260324s9999 xx 000 0 eng d
020 _a9780203046098
037 _aEBOOK
040 _aCRL
040 _beng
040 _cCRL
041 _2eng
041 _aeng
084 _qCRL
100 _a Collis, Betty; Moonen, Jef
_91198058
245 0 _aFlexible Learning in a Digital World
245 0 _bExperiences and Expectations
260 _bTaylor and Francis
260 _c2001
365 _a
365 _b325
856 _uhttp://www.taylorfrancis.com/books/9780203046098
942 _cEBOOK
999 _c1798467
_d1798467